000
00244nam a2200109Ia 4500
008
231212s1967 xx 000 0 und d
041
_a
eng
082
_a
621.381
100
_a
Oguta
245
_a
Modern Control
260
_a
Delhi
_b
McGrowh
_c
1967
999
_c
958684
_d
958684